[Event "171nd open MGU"]
[Site "Sofia"]
[Date "2016.09.11"]
[Round "6.1"]
[White "Metev, Martin"]
[Black "Andreev, Dobrotich"]
[Result "1/2-1/2"]
[WhiteElo "2040"]
[BlackElo "1906"]
[PlyCount "39"]
[EventDate "2016.09.10"]
[EventType "swiss"]
[EventRounds "6"]
[EventCountry "BUL"]

1. e4 c6 2. d4 d5 3. Nc3 dxe4 4. Nxe4 Bf5 5. Ng3 Bg6 6. Nf3 Nd7 7. Nh4 e6 8.
Nxg6 hxg6 9. c3 Qc7 10. Qf3 Ngf6 11. Bd2 O-O-O 12. O-O-O c5 13. Bf4 Bd6 14.
Bxd6 Qxd6 15. Be2 Qc7 16. Kb1 c4 17. h3 Nb6 18. Rhe1 Rd5 19. Rd2 e5 20. Ne4
1/2-1/2

[Event "171nd open MGU"]
[Site "Sofia"]
[Date "2016.09.11"]
[Round "6.2"]
[White "Ginev, Nikola"]
[Black "Gelemerov, Yane"]
[Result "0-1"]
[WhiteElo "1696"]
[BlackElo "2002"]
[PlyCount "84"]
[EventDate "2016.09.10"]
[EventType "swiss"]
[EventRounds "6"]
[EventCountry "BUL"]

1. Nf3 Nf6 2. g3 d6 3. Bg2 e5 4. d3 Be7 5. O-O O-O 6. e4 c6 7. Nc3 Qc7 8. Bg5
h6 9. Bxf6 Bxf6 10. Rb1 Re8 11. Qd2 Nd7 12. Ne1 a5 13. Nd1 Nb6 14. Ne3 Na4 15.
c3 Nc5 16. Nf5 Bxf5 17. exf5 d5 18. Nc2 Qd7 19. g4 Bg5 20. Qe2 a4 21. Ne1 Bf4
22. Rd1 Qe7 23. Qf3 Qg5 24. Qh3 e4 25. d4 Nd7 26. Kh1 Nf6 27. f3 e3 28. Rb1 e2
29. Rg1 Be3 30. Qg3 Nd7 31. Nc2 Bxg1 32. f4 Qe7 33. Rxg1 Nf6 34. Ne1 Qe3 35.
Bf3 Ne4 36. Qh4 Qxf4 37. Bxe4 Rxe4 38. h3 Rae8 39. Rg2 Qxf5 40. Rg1 Qg5 41. Qg3
Re3 42. Qf2 Rxh3+ 0-1

[Event "171nd open MGU"]
[Site "Sofia"]
[Date "2016.09.11"]
[Round "6.3"]
[White "Georgiev, Konstantin G."]
[Black "Ignatov, Bojidar"]
[Result "1/2-1/2"]
[WhiteElo "1680"]
[BlackElo "1931"]
[PlyCount "93"]
[EventDate "2016.09.10"]
[EventType "swiss"]
[EventRounds "6"]
[EventCountry "BUL"]

1. e4 e5 2. Nf3 Nc6 3. Bc4 Bc5 4. c3 Nf6 5. d4 exd4 6. cxd4 Bb4+ 7. Bd2 Bxd2+
8. Nbxd2 d6 9. O-O O-O 10. Re1 Bg4 11. h3 Bh5 12. Qc2 Bg6 13. Qc3 Nxe4 14.
Bxf7+ Bxf7 15. Nxe4 Qd7 16. Neg5 Rae8 17. Nxf7 Qxf7 18. Rxe8 Rxe8 19. Ng5 Qd5
20. Re1 Re7 21. Rxe7 Nxe7 22. Qe3 h6 23. Qxe7 hxg5 24. Qxc7 Qxd4 25. Qxb7 d5
26. Qc8+ Kh7 27. Qf5+ Kh6 28. Qg4 Qe5 29. Qg3 Qf6 30. Qb8 d4 31. Qxa7 d3 32.
Qe3 Qd6 33. Qd2 Kg6 34. b4 Kf5 35. b5 Qd4 36. a4 Qa1+ 37. Kh2 Qe5+ 38. f4 Qe2
39. Qc3 d2 40. Qc5+ Kxf4 41. b6 d1=Q 42. b7 Qxg2+ 43. Kxg2 Qf3+ 44. Kg1 Qxb7
45. Qf8+ Kg3 46. Qf2+ Kxh3 47. Qe2 1/2-1/2

[Event "171nd open MGU"]
[Site "Sofia"]
[Date "2016.09.11"]
[Round "6.4"]
[White "Tenev, Bogdan"]
[Black "Stamenov, Valeriy"]
[Result "1/2-1/2"]
[WhiteElo "1429"]
[BlackElo "1874"]
[PlyCount "124"]
[EventDate "2016.09.10"]
[EventType "swiss"]
[EventRounds "6"]
[EventCountry "BUL"]

1. e4 e5 2. Bc4 Nf6 3. Nc3 Nxe4 4. Qf3 Nf6 5. Nh3 Be7 6. Ng5 O-O 7. Nxf7 Rxf7
8. Bxf7+ Kxf7 9. O-O d5 10. h3 Kg8 11. d3 Nc6 12. Ne2 Be6 13. c3 Qd7 14. Qg3
Rf8 15. f4 Nh5 16. Qh2 exf4 17. Bxf4 Nxf4 18. Rxf4 Bd6 19. Rxf8+ Kxf8 20. Rf1+
Kg8 21. Qh1 Bf5 22. g4 Be6 23. Qf3 Ne5 24. Qe3 b6 25. Nf4 Bf7 26. Qe2 c6 27. d4
Ng6 28. Nxg6 Bxg6 29. c4 Be4 30. b3 Be7 31. Qf2 Qe6 32. cxd5 Bxd5 33. Re1 Qd6
34. Qe3 Bf8 35. Qe5 Qxe5 36. Rxe5 Kf7 37. Kf2 g6 38. Re2 Bg7 39. Ke3 g5 40. Kd3
Bf6 41. Rf2 Ke7 42. Re2+ Kd7 43. Rf2 Bg7 44. Rf5 h6 45. Rf2 b5 46. b4 Kd6 47.
Ke3 Bg8 48. a3 Be6 49. Rg2 Kd5 50. Rd2 Bf7 51. Rd1 Bg6 52. Rd2 Kc4 53. Rd1 Bc2
54. Rd2 Kb3 55. d5 cxd5 56. Rxd5 Kc4 57. Rc5+ Kb3 58. Rxb5 Kxa3 59. Rb7 Bb2 60.
Rxa7+ Kxb4 61. Rb7+ Ka3 62. Ra7+ Ba4 1/2-1/2

[Event "171nd open MGU"]
[Site "Sofia"]
[Date "2016.09.11"]
[Round "6.5"]
[White "Krastev, Krasimir N."]
[Black "Mihalev, Daniil"]
[Result "1-0"]
[WhiteElo "1682"]
[BlackElo "1790"]
[PlyCount "79"]
[EventDate "2016.09.10"]
[EventType "swiss"]
[EventRounds "6"]
[EventCountry "BUL"]

1. e4 c5 2. Nf3 g6 3. d4 cxd4 4. Nxd4 Bg7 5. Be3 Nc6 6. Nc3 Nf6 7. Qd2 O-O 8.
O-O-O Nxd4 9. Bxd4 d6 10. Bc4 Qc7 11. Bb3 a5 12. f3 Be6 13. Kb1 Bxb3 14. cxb3
Qc6 15. g4 e5 16. Be3 Rfd8 17. h4 h5 18. g5 Ne8 19. Nd5 Qb5 20. Bb6 Rdc8 21.
Ne7+ Kf8 22. Nxc8 Rxc8 23. Bxa5 Ra8 24. Bb4 Kg8 25. Rc1 Qa6 26. a3 Kh7 27. Rc2
Rd8 28. Rhc1 b5 29. Rc6 Qb7 30. Ba5 Ra8 31. b4 Qd7 32. Qd5 Rb8 33. Rb6 Rxb6 34.
Bxb6 f6 35. Qc6 Qh3 36. Rc3 Qf1+ 37. Ka2 fxg5 38. hxg5 Qg2 39. Qxe8 h4 40. Qe7
1-0